| 000 | 00916nam0a22002531 4500 | ||
|---|---|---|---|
| 001 | rc\239580 | ||
| 005 | 20260406165852.0 | ||
| 010 |
_a5-440-01155-2 _9600000 |
||
| 035 | _a(NLR Aleph) 005483327 | ||
| 090 |
_a5138949 _c5138949 |
||
| 100 | _a20030307d1990 u y0rusy50 ca | ||
| 101 | 0 | _arus | |
| 102 | _aRU | ||
| 105 | _ay ||||||||| | ||
| 200 | 1 |
_aГраф Дракула _eВампир _eРоман _fБрэм Стокер _g[Пер. с англ. Н. Сандровой _gТекст. испр. и частично пер. заново А. Хохревым] |
|
| 210 |
_aТаллин _cВалгус _cГарт _d1990 |
||
| 215 |
_a318 с. _d21 |
||
| 300 | _aИзд. также под загл.: Дракула | ||
| 700 | 1 |
_8rus _7ca _aСтокер _bБ. _f1847-1912 _gБрэм _3RU\NLR\auth\7712521 _9122233 |
|
| 801 | 0 |
_aRU _bNLR _gpsbo |
|
| 801 | 1 |
_aRU _bELAR _2rusmarc |
|
| 852 |
_aNLR _j90-3/12154 |
||
| 942 | _cBOOK | ||
| 980 | _aNB | ||